| 000 | 00000nam 2200000za 4500 |
| 001 | 9.606638 |
| 003 | CaOODSP |
| 005 | 20240207110906 |
| 007 | cr ||||||||||| |
| 008 | 150406|2012||||xxc|||||o f|0| 0 fre d |
| 040 | |aCaOODSP|bfre |
| 043 | |an-cn--- |
| 086 | 1 |aSE7-2/2012-1F-PDF |
| 100 | 1 |aPrince, Michael John,|d1952- |
| 245 | 13|aLa participation électorale des électeurs handicapés |h[ressource électronique] : |banalyse comparative des pratiques canadiennes / |cproduit pour Élections Canada par Michael J. Prince. |
| 260 | |aOttawa : |bÉlections Canada, |c2012. |
| 300 | |a70 p. |
| 490 | 1 |aRapport de recherche |
| 500 | |a« Mars 2014 ». |
| 500 | |aPublié aussi en anglais sous le titre : Electoral participation of electors with disabilities: Canadian practices in a comparative context. |
| 504 | |aBibliographie: p. 59-70. |
| 590 | |a14-07-Supp|b2014-04-03 |
| 691 | 07|aAccessibilité (pour personne handicapée)|2gcpds |
| 691 | 07|aÉlections|2gcpds |
| 691 | 07|aPersonne handicapée|2gcpds |
| 710 | 2 |aÉlections Canada. |
| 775 | 08|tElectoral participation of electors with disabilities |w(CaOODSP)9.578905 |
| 830 | #0|aRapport de recherche (Élections Canada)|w(CaOODSP)9.504132 |
| 856 | 40|ahttp://publications.gc.ca|qPDF|s1.05 Mo|uhttps://publications.gc.ca/collections/collection_2014/elections/SE7-2-2012-1-fra.pdf |